000 00630nam a22002177a 4500
003 OSt
005 20140310181919.0
008 130717t xxu||||| |||| 00| 0 eng d
020 _a9789812552167
050 _aPE 1137
_b.L732 2009
082 _aTR 741.5
_bB12 2007
100 _aLim, Tan Cheng
_91384
245 _aBasic English Idioms :
_bfor effective communication /
_cTan Cheng Lim.
260 _aSingapore :
_bSingapore Asian Publication,
_cc2009.
300 _a158 p. :
_c22 cm.
521 _aFaculty
541 _j1
562 _e1
650 _aEnglish language
_xIdioms.
_91385
942 _2lcc
_cBK-TR
_kTR
999 _c6891
_d6891